Регионална библиотека "Любен Каравелов" - Русе

Das deutsche Volkslied (Запис номер 343427)

MARC детайли
000 -Лидер
Контролно поле с фиксирана дължина 01056nam a2200313 c 4500
003 - Код на организацията, давaща контролен номер
Контролно поле BLK
005 - Дата и час на последна редакция
Контролно поле 20191002172408.0
008 - Елементи от данни с фиксирана дължина
fixed length control field 180911b bul|||||r ||||||| ||bul||
010 ## - Наследен системен номер
LC control number 003088
040 ## - Източник на каталожния запис
Идентификатор на билиотеката - собственик на записа BLK
041 ## - Код за език
Код за езика на текст/звукозапис или на отделно заглавие Немски
Код за езика КДБФ Български
080 ## - УДК
УДК - код + определител 830-1.09
100 1# - Редна дума - Автор
Автор BRUINIER, J.
Авторска отговорност първи автор
R(LIN) 398352
245 00 - Сведения за заглавието
Заглавие Das deutsche Volkslied
246 ## - Различни форми на заглавието
Паралелно заглавие Uber Werden und des deutschen Volksgefanges
250 ## - Област на изданието
Сведения за изданието 2. unverand. Abdr.
260 ## - Област на издателските данни
Място на издаване, разпространение и проч. Leipzig
Име на издателя, разпространителя и проч. B. G. Teubner
Година на издаване 1904
300 ## - Физическа характеристика
Страници 4, 156 с
Размери/Мащаб 18 см
380 ## - Жанр
Жанр Литературознание
490 ## - СЕРИИ (Колекции)
Име на серия Aus Natur und Geisteswelt
490 ## - СЕРИИ (Колекции)
Име на серия Частна колекция - Академик Михаил Арнаудов
Бележки за серията Дарение - Основен фонд
500 ## - Общи забележки
Забележка Михаил Арнаудов: подпис. - Подчертавания и бележки по текста.
655 ## - Ключова дума – жанр/разновидност
Данни за жанр/разновидност или ключова дума за фокус Литературознание
700 1# - Други автори (авторска отговорност)
Лично име J. W. Bruinier
9 (RLIN) 398353
852 ## - Местоположение
Форматна сигнатура МА 1626
999 ## - СИСТЕМНИ КОНТРОЛНИ НОМЕРА
Koha biblionumber 343427
Koha biblioitemnumber 343427
942 ## - АРТИКУЛИ
Вид на библиотечния материал Книги
Скрит в OPAC Не
Периодичен библиозапис Да
944 ## - СЪЗДАВАНЕ И РЕДАКЦИЯ на ЗАПИСА
Създаване/Редакция Създаване
Дата на регистрацията/редакция 1996
Служител, извършил регистрацията/редакцията ValK
999 ## - СИСТЕМНИ КОНТРОЛНИ НОМЕРА
Koha biblioitemnumber 343427
Наличности
Код за отписване Код за изгубен артикул Източник на класификационната схема Код за повреда Коз за рестрикции Код за отдаване Артикулен № Име на библиотеката - собственик Име на библиотеката, в която се намира в момента Статус (Текущо местоположение) Местоположение - отдел Цена в лева Номерация (Хронология) Инвентарен номер Систематично азбучна сигнатура Баркод Номер на екземпляра Цена в евро Служебен тип на артикула
  Не е изгубен Universal Decimal Classification Не е повреден без рестрикции ползва се в читалня 743619 Регионална библиотека "Любен Каравелов" Русе Регионална библиотека "Любен Каравелов" Русе Фонд "Михаил Арнаудов" Фонд "Михаил Арнаудов" 40.00   589214 МА 1626 120000589214 1 20.45 Книги
Vip Innovations Ltd, Rousse, Bulgaria 2025